000 01057nam a22003377a 4500
003 CHAP
005 20220329135749.0
008 971013s1988 r 00010 d
010 _a41693
011 _a42665
035 _a46794
040 _cCHAP
090 _aTesis
100 0 0 _aMurillo Reyes, Enrique.
_979764
245 _aCultivo in vitro de anteras de Fragaria spp
260 _aChapingo, Méx. :
_bEl autor,
_c1988
300 _a75 h
502 _aTesis (Ing. Agrónomo Esp. en Fitotecnia) -- UACH. Departamento de Fitotecnia
590 _aALEPH
_b10
_c20130110
_lUCH01
_h1310
590 _aBATCH-UPD
_b10
_c20130110
_lUCH01
_h1620
590 _aBATCH-UPD
_b10
_c20130410
_lUCH01
_h1014
590 _aBATCH-UPD
_b10
_c20130914
_lUCH01
_h1434
590 _aCONVERSION
_b10
_c20130109
_lUCH01
_h1323
650 1 4 _aFragaria.
_942847
650 1 4 _aFresa
_xMejoramiento.
_943220
650 1 4 _aFresa
_xPropagación.
_943229
650 1 4 _aFresa
_xVariedades.
_943235
901 _aBK
942 _cTESIS
949 _bBC
_cTES
_d-106586
_eTS1
_h19880
_i46794
_si
999 _c41693
_d41693